LEADER 00848nam0-22003011i-450- 001 990003096350403321 035 $a000309635 035 $aFED01000309635 035 $a(Aleph)000309635FED01 035 $a000309635 100 $a20000920d1943----km-y0itay50------ba 101 0 $aita 102 $aIT 200 1 $aImprese accentrate o razionalizzate?$e(Il pensiero dei lavoratori)$fVirginio Galbiati. 210 $aMilano$cIstituto Editoriale Cisalpino$d\[stampa \\1943-XXI]. 215 $a219 p.$d20 cm 610 0 $aCorporativismo 676 $aD/5.5 676 $aE/5 702 1$aGalbiati,$bVirginio 801 0$aIT$bUNINA$gRICA$2UNIMARC 901 $aBK 912 $a990003096350403321 952 $aD/5.5 GAL$b20350/F$fSES 959 $aSES 996 $aImprese accentrate o razionalizzate$9459850 997 $aUNINA DB $aING01 LEADER 01784nam 2200493Ia 450 001 9910711114303321 005 20180711120950.0 024 8 $aGOVPUB-C13-6f22bac77a1eb00d6ffc49265b47d787 035 $a(CKB)5470000002480872 035 $a(OCoLC)957470565 035 $a(OCoLC)995470000002480872 035 $a(EXLCZ)995470000002480872 100 $a20160829d1961 ua 0 101 0 $aeng 181 $ctxt$2rdacontent 182 $cc$2rdamedia 183 $acr$2rdacarrier 200 10$aEstimation of the fire endurance of steel protected by sprayed insulation through use of an analog computer /$fDaniel Gross, J. Ducmanis 210 1$aGaithersburg, MD :$cU.S. Dept. of Commerce, National Institute of Standards and Technology,$d1961. 215 $a1 online resource 225 1 $aNBS report ;$v7058 300 $a1961. 300 $aContributed record: Metadata reviewed, not verified. Some fields updated by batch processes. 300 $aTitle from PDF title page. 320 $aIncludes bibliographical references. 606 $aInsulating materials$xTesting 606 $aSteel$xFire testing 606 $aInsulating materials$xTesting$2fast 615 0$aInsulating materials$xTesting. 615 0$aSteel$xFire testing. 615 7$aInsulating materials$xTesting. 700 $aGross$b Daniel$0594468 701 $aDucmanis$b J$01409009 701 $aGross$b Daniel$0594468 712 02$aUnited States.$bNational Bureau of Standards. 801 0$bNBS 801 1$bNBS 801 2$bOCLCO 801 2$bOCLCQ 801 2$bOCLCF 906 $aBOOK 912 $a9910711114303321 996 $aEstimation of the fire endurance of steel protected by sprayed insulation through use of an analog computer$93494452 997 $aUNINA